000
00315nam a2200133Ia 4500
005
20260328104319.0
008
260328s9999||||xx |||||||||||||| ||und||
100
_a
Bohigas, Oriol
245
0
_a
Espinet & Ubach /
_c
Oriol Bohigas
260
_b
Gustavo Gili
300
_a
96 p.
650
_a
ARQUITECTOS
942
_c
BK
999
_c
11287
_d
11287